| 000 | 00464 a2200169 4500 | ||
|---|---|---|---|
| 003 | OSt | ||
| 005 | 20230926154835.0 | ||
| 008 | 230926b |||||||| |||| 00| 0 eng d | ||
| 020 | _a9789332536340 | ||
| 040 | _coclc | ||
| 082 |
_a650.01513 _bMAR/B |
||
| 100 |
_aMariappan P _99624 |
||
| 245 |
_aBusiness mathematics / _cP Mariappan |
||
| 260 |
_bPearson, _c2023. |
||
| 300 | _a776 p | ||
| 942 |
_2ddc _cBK _h650.01513 _iMAR/B _k650.01513 _mMAR/B |
||
| 999 |
_c42413 _d42413 |
||